| 000 | 00926nam a2200253 a 4500 | ||
|---|---|---|---|
| 001 | 79083 | ||
| 003 | BD-RjUL | ||
| 005 | 20211228154102.0 | ||
| 008 | 211228s2020 bg ||||| |||| 00| 0 ben d | ||
| 020 |
_a9789845027472 _c: Tk. 800.00 |
||
| 035 | _a(BD-RjUL)79083 | ||
| 040 |
_aBD-RjUL _beng _cBD-RjUL |
||
| 041 | _aben | ||
| 082 |
_223 _a891.443 _bKAN 2020 |
||
| 100 |
_aকামাল, মোস্তফা _9421 |
||
| 245 |
_a১৯৭৫ / _cমোস্তফা কামাল |
||
| 260 |
_aঢাকা : _bঅন্যপ্রকাশ, _c২০২০ |
||
| 300 |
_a৩১৯ পৃ.; _c২৪ সেমি. |
||
| 650 |
_aবাংলা উপন্যাস _9330 |
||
| 650 |
_aBengali novels _9331 |
||
| 650 |
_aরাজনৈতিক ও মুক্তিযুদ্ধভিত্তিক উপন্যাস _9332 |
||
| 650 |
_aPolitical and liberation war based novels _9333 |
||
| 942 |
_2ddc _cBK |
||
| 999 |
_c79083 _d79083 |
||